000 00354nam a22001457a 4500
008 240312b |||||||| |||| 00| 0 eng d
020 _a9789332550117
100 _aD. A. Forsyth & J. Ponce
245 _aComputer Vision A Modern Approach
250 _a2nd Ed.
260 _aNoida
_bPearson
_c2024
300 _a791
650 _aCSE
942 _2ddc
_cBK
999 _c20602
_d20602